| 000 | 00000nas 2200000zi 4500 |
| 001 | 9.909882 |
| 003 | CaOODSP |
| 005 | 20251031162939 |
| 006 | m o d f |
| 007 | cr cn |||||||| |
| 008 | 220406c20219999onctr p o f0###b0fre|d |
| 022 | |a2816-4687 |
| 040 | |aCaOODSP|bfre|erda|cCaOODSP |
| 043 | |an-cn-ns |
| 086 | 1 |aFs74-46F-PDF |
| 222 | 0|aInstructions nautiques du Canada. ATL 104, Cape North à Cape Canso (y compris Bras d'Or Lake) |
| 245 | 00|aInstructions nautiques du Canada. |nATL 104, |pCape North à Cape Canso (y compris Bras d'Or Lake). |
| 246 | 30|aCape North à Cape Canso (y compris Bras d'Or Lake) |
| 264 | 1|aOttawa, Ontario, Canada : |bService hydrographique du Canada, Pêches et océans Canada = Canadian Hydrographic Service, Fisheries and Oceans Canada, |c[2022]- |
| 310 | |aTrois fois par année |
| 336 | |atexte|btxt|2rdacontent/fre |
| 337 | |ainformatique|bc|2rdamedia/fre |
| 338 | |aressource en ligne|bcr|2rdacarrier/fre |
| 362 | 1 |aParaît depuis : 2021/12. |
| 500 | |aPublié aussi en anglais sous le titre : Canadian sailing directions. ATL 104, Cape North to Cape Canso (including Bras d'Or Lake). |
| 588 | |aDescription d'après : 2021/12; titre de la page couverture du fichier PDF. |
| 588 | |aDernière livraison consultée : 2025/10. |
| 650 | 6|aNavigation|zNouvelle-Écosse|vPériodiques. |
| 650 | 6|aNavigation|zNouvelle-Écosse|zCap-Breton, Île du|zPériodiques. |
| 655 | 7|aPériodiques|2rvmgf |
| 710 | 2 |aService hydrographique du Canada, |eorganisme de publication. |
| 775 | 08|tCanadian sailing directions. |w(CaOODSP)9.909883 |
| 780 | 00|tInstructions nautiques. |w(CaOODSP)9.908501 |